| 000 | 00583nam a2200193 a 4500 | ||
|---|---|---|---|
| 005 | 20140310183447.0 | ||
| 008 | 081205s19uu xx 00 eng d | ||
| 020 | _a978-0-470-26094-4 | ||
| 050 |
_aHF 1416.5 _b.C36 2008 |
||
| 100 | _aCapela, John J. | ||
| 245 |
_aImport / export for dummies. _cJohn J. Capela |
||
| 260 |
_aNew Jersey : _bWiley Publishing, Inc, _c2008. |
||
| 300 |
_a338 p. : _bill., forms ; _c24 cm. |
||
| 650 | _aBSBA. | ||
| 650 |
_aExport marketing _xHandbook, manuals, etc. |
||
| 650 |
_aExports _xUnited States. |
||
| 942 |
_cBK _2lcc _kFOR |
||
| 999 |
_c23290 _d23290 |
||